000 00574nab a2200181 4500
001 244442
003 OSt
005 20240425073923.0
007 tu
008 200917s2020|||||||
040 _aDE-2950
_cDE-2950
245 0 0 _aFrischer Wind beim Kunstverein
_bKultur. Der alte Vorstand gibt nach langem Dienst seine Posten ab. Neue Kooperationen mit Slubicer Galerie geplant/
_cred
264 _c2024
653 _aFrankfurt (Oder)
653 _aKunstverein
773 0 _g35. Jahrgang (2024) Nr. 91 vom 18.04.2024, S. 13 mit Foto
_tMärkische Oderzeitung
942 _2z
_cA
999 _c373097
_d373097